LEADER 00953nam a2200205 i 4500 001 000000241039 003 CaOOAMICUS 005 20221021153542.0 008 150421s1966 it u000 u ita u 040 $aSeMil$bita 245 00$aMorale e societą :$batti del Convegno di Roma organizzato dall'Istituto Gramsci 22-25 maggio 1964 /$cDella Volpe ... [et al.]. 300 $a158 p. 490 1 $aNuova biblioteca di cultura ;$v62 700 1 $aDella Volpe, Galvano,$d<1895-1968>.$0(OLS)http://semarc/name/33869 773 0 $tAtti dell'Istituto Gramsci.$dRoma : Editori Riuniti, [1962]$w()31396 830 0$aNuova biblioteca di cultura ;$v62.$0(OLS)http://semarc/title/7069 850 $aSeMil 852 $aSeMil$W1$xVenegono$y1$m3N III 224$j191385$B191385$CSeMilBibl$Z2$F202194 $81 996 $6245$aMorale e societą :$batti del Convegno di Roma organizzato dall'Istituto Gramsci 22-25 maggio 1964$9(OLS)http://semarc/title/342697 LEADER 00771nam a2200229 i 4500 001 000000189443 003 CaOOAMICUS 005 20150204000000.0 008 150204s1944 it u000 u ita u 013 $a167716 040 $aSeMil$bita 245 10$aSpiritualitą canossiana. 260 $a[S.l. :$bs.n.],$cstampa 1944. 300 $a411 p. ;$c17 cm. 500 $aFondo card. Giovanni Colombo. 650 4$aCanossiane.$0(OLS)http://semarc/subject/7091 850 $aSeMil 852 $aSeMil$W1$xVenegono$y1$m3GC I 218$j140074$B140074$CSeMilBibl$Z2$F151673 $8B 941 1 $a3 961 $aLascito: Colombo Card. Giovanni 996 $6245$aSpiritualitą canossiana$9(OLS)http://semarc/title/272751 996 $6260$a[S.l. :$bs.n.]$9(OLS)http://semarc/publisher/29751